000 00760nam a22002297a 4500
001 0000002972
003 PPM
005 20260428113823.0
008 260428b ||||| |||| 00| 0 eng d
020 _qHardback
035 _a0000002972
040 _bMalay
_cPusat Penyelidikan Mineral, Jabatan Mineral Dan Geosains Malaysia
_dPPM
_eRDA
082 0 0 _221
_a616.9792
_bSIN 1994
100 1 _aSingh, Jit
_eauthor
245 1 0 _aAids : Apa Anda Perlu Tahu /
_coleh Dr. Jit Singh ; terjemahan Nadzri Ismail
260 1 _aKuala Lumpur :
_bDelmu (Malaysia),
_c1994
300 0 0 _ax, 147 pages .:
_billustrations .;
_c21 cm
650 1 0 _aAIDS (Disease)
_xPrevention
650 2 0 _aAIDS (Disease)
_xSocial aspects
700 1 _aNadzri Ismail
_eeditor
942 _2ddc
_cBK
999 _c27235
_d27235